000 00684nmm a2200253 a 4500
003 AR-X00000XY
005 20251128212001.0
008 277020s2007 ||||||||||||||000 | spa||
020 _a987-9339-31-2
040 _cAR-X00000XY
100 1 _aLázara, Juan Antonio
245 1 0 _aGuía del estudiante 2007
260 _aBuenos Aires
_bLázara Grupo Editor
_c2007
300 0 _a1079 p.
500 1 _a'Demanda laboral carrera por carrera, planes de estudio'
650 4 _aGUIA DEL ESTUDIANTE
650 4 _aGUIAS
650 4 _aUNIVERSIDADES
650 4 _aENSENANZA UNIVERSITARIA
653 0 _aEDUCACION SUPERIOR
655 _aREFERENCIA
942 _cBK
998 _cNancy
999 _c21909
_d21909